00490nam a2200133 a 4500008004100000050002400041100002500065245009400090260009000184350000900274650001600283650002200299650003500321061116s2005 xx |||||||||||||| || u aTHE/PHI/SBE/37/2005 aPhiri, Angela Sonile10aEvaluation of sewage sludges at Nkana Sewage Works, Kitwecthesis supervised by P. Majura abSchool of Built Environment, Department of Civil Engineering and Constructionc2005 a0.00 aENGINEERING aCIVIL ENGINEERING aSEWAGE DISPOSAL PLANTS--ZAMBIA